书目信息 |
| 题名: |
“品评”广东人
|
|
| 作者: | 李文飞 , 周树兴 主编 | |
| 分册: | ||
| 出版信息: | 北京 中国社会出版社 1995.09 |
|
| 页数: | 402页 | |
| 开本: | 32开 | |
| 丛书名: | ||
| 单 册: | ||
| 中图分类: | I267.1 | |
| 科图分类: | ||
| 主题词: | 散文--中国 , 散文--作品综合集--中国 | |
| 电子资源: | ||
| ISBN: | 7-80088-702-2 | |
| 000 | 00639nam0 2200217 45 | |
| 001 | 0104101456 | |
| 005 | 20010410145234.3 | |
| 010 | @a7-80088-702-2@d18.00元 | |
| 100 | @a20010410d1995 km y0chiy0120 ea | |
| 101 | 0 | @achi |
| 105 | @a z 000yy | |
| 200 | 1 | @a“品评”广东人@A“Pin Ping”Guang Dong Ren@f李文飞,周树兴主编@FLi Wen Fei,Zhou Shu Xing Zhu Bian |
| 210 | @a北京@c中国社会出版社@d1995.09 | |
| 215 | @a402页@d32开 | |
| 606 | 0 | @a散文@x中国 |
| 606 | 0 | @a散文@x作品综合集@x中国 |
| 690 | @aI267.1@v3 | |
| 701 | 0 | @a李文飞@4主编 |
| 701 | 0 | @a周树兴@4主编 |
| 801 | @aCN@bPftUser@c20010410 | |
| 905 | @b336483-484@dI267.1@eL255@f2 | |
| “品评”广东人/李文飞,周树兴主编.-北京:中国社会出版社,1995.09 |
| 402页;32开 |
| ISBN 7-80088-702-2:18.00元 |
| ● |
| 相关链接 |
|
|
|
正题名:"品评"广东人
索取号:I267.1/L255
 
预约/预借
| 序号 | 登录号 | 条形码 | 馆藏地/架位号 | 状态 | 备注 |
| 1 | 336483 | 203364830 | 社科二线400B/400B社科库 27排2列1层/ [索取号:I267.1/L255] | 在馆 | |
| 2 | 336484 | 203364849 | 文学库116/ [索取号:I267.1/L255] | 在馆 |